Statistics for Greek Footballers in the Premier League

Click here to take the quiz!

General Stats

  • This quiz has been taken 119 times
  • The average score is 14 of 28

Answer Stats

PositionClub(s)YearsPlayer% Correct
Left BackLiverpool2020-Kostas Tsimikas
98%
Centre BackArsenal2018-20Sokratis Papastathopoulos
93%
WingerNorwich City2021-22Christos Tzolis
82%
Centre BackArsenal2017-19Konstantinos Mavropanos
80%
Left BackNorwich City2021-22Dimitris Giannoulis
78%
Left BackWatford2015-20José Holebas
74%
StrikerFulham2013-14Kostas Mitroglou
74%
MidfielderFulham2012-14Giorgos Karagounis
72%
StrikerMan City, West Brom2005-08, 2014-15Georgios Samaras
70%
GoalkeeperWatford2017-18Orestis Karnezis
61%
StrikerPortsmouth2008-09Theofanis Gekas
55%
WingerBolton, Hull City2003-09Stelios Giannakopoulos
54%
MidfielderLeicester City1997-00Theodoros Zagorakis
54%
Centre BackLiverpool, Sunderland2009-12Sotirios Kyrgiakos
53%
Centre BackNewcastle, Leicester1997-04Nikos Dabizas
42%
Def. Mid.Portsmouth2009-10Angelos Basinas
40%
Left BackStoke City2017-18Kostas Stafylidis
37%
StrikerEverton2010-13Apostolos Vellios
34%
GoalkeeperPortsmouth2004-05Kostas Chalkias
33%
MidfielderBlackburn Rovers1996-97Giorgos Donis
32%
Right BackSunderland2013-14Charis Mavrias
29%
Centre BackSwansea City2011-12Vangelis Moras
27%
WingerCrystal Palace2004-05Vassilis Lakis
25%
WingerNewcastle United1998-99Giorgos Georgiadis
19%
Centre BackArsenal2002-03Stathis Tavlaridis
19%
Right BackDerby County1999-00Vassilios Borbokis
12%
MidfielderPortsmouth2004-06Giannis Skopelitis
11%
Centre BackBolton Wanderers2001-02Kostas Konstantinidis
7%

Score Distribution

Percentile by Number Answered

Percent of People with Each Score

Your Score History

You have not taken this quiz